Biblioteca

Valores religiosos en la época de la tecnología (Registro nro. 69583)

Detalles MARC
000 -LÍDER
Campo fijo de descripción fija 01148nab a2200217 i 4500
001 - NÚMERO DE CONTROL
Campo de control 768714001
003 - IDENTIFICADOR DEL NÚMERO DE CONTROL
Campo de control CO-MdFUSB
005 - FECHA Y HORA DE LA ULTIMA TRANSACCIÓN
control field 20240509111003.0
008 - ELEMENTOS DE LONGITUD FIJA -- INFORMACIÓN GENERAL
Campo fijo de descripción fija -- Información general 240508t1967 sp ||||| |||| 00| 0 spa d
040 ## - FUENTE DE CATALOGACIÓN
Idioma de catalogación spa
Agencia que realiza la transcripción CO-MdFUSB
Agencia que realiza la modificación CO-MdFUSB
041 ## - CÓDIGO DE IDIOMA
Código de idioma para texto/pista de sonido o título separado spa
100 ## - ASIENTO PRINCIPAL--NOMBRE PERSONAL
Nombre personal Mesthene, Emmanuel G.
Término relacionador autor
245 ## - TÍTULO
Título Valores religiosos en la época de la tecnología
Mención de responsabilidad / Emmanuel G. Mesthene
520 ## - NOTA DE RESUMEN, ETC.
Nota de sumario, etc. Para rastrear la influencia de la modernidad en la obra misionera teológica y el papel de las iglesias en la sociedad, es apropiado comenzar con lo que es nuevo en nuestra época.<br/>Cada época siempre tuvo algo nuevo; de lo contrario no podríamos distinguirlos en la historia. Debemos examinar las innovaciones más recientes de nuestro tiempo, ya que las cosas viejas también eran nuevas en esa época.
650 #7 - ASIENTO SECUNDARIO DE MATERIA - TERMINO TEMÁTICO
Término temático o nombre geográfico como elemento de entrada Biblia y ciencia
9 (RLIN) 7327
650 #7 - ASIENTO SECUNDARIO DE MATERIA - TERMINO TEMÁTICO
Término temático o nombre geográfico como elemento de entrada Religión
9 (RLIN) 385
653 ## - TÉRMINO DE INDIZACIÓN - NO CONTROLADO
Término no controlado Tecnología
773 0# - ASIENTO DE ITEM FUENTE
Biblionumber 49450
Itemnumber 82586
Otro identificador del ítem R2516
Título Revista internacional de teología Concilium
Número de control del registro (CO-MdFUSB)8
Número Internacional Normalizado para Publicaciones Seriadas (ISSN) 0210-1041
Parte(s) relacionada(s) / Volumen., número. (mes año), páginas Número 26, (junio, 1967), páginas: 449 - 466
Enumeración y primera página página: 449
942 ## - TIPO DE MATERIAL (KOHA)
Tipo de Item KOHA Artículos de Revista
945 ## - INFORMACIÓN LOCAL DEL REGISTRO
Catalogador Catherine Arias Alvarez - Practicante SENA

No hay ítems disponibles.

Biblioteca FUSBC | Teléfono: (57+4) 349 88 10 Ext. 141| WhatsApp (+57) 3005338115 
E-mail: biblioteca@unisbc.edu.co | Calle 76 87-14 Robledo Palenque, Medellín, Colombia

Con tecnología Koha